[Event "Budapest FS04 Nadassy"]
[Site "Budapest"]
[Date "2021.04.13"]
[Round "10.2"]
[White "Nadassy, Attila"]
[Black "Farago, Sandor"]
[Result "0-1"]
[WhiteElo "2020"]
[BlackElo "2179"]
[PlyCount "98"]
[EventDate "2021.04.03"]
[EventType "schev"]
[EventRounds "12"]
[EventCountry "HUN"]
[SourceTitle "CBM 201 Extra"]
[Source "ChessBase"]
[SourceDate "2021.05.31"]
[SourceVersion "1"]
[SourceVersionDate "2021.05.31"]
[SourceQuality "1"]
[WhiteTeam "Team II"]
[BlackTeam "Team"]
[WhiteTeamCountry "HUN"]
[BlackTeamCountry "HUN"]

1. Nf3 d6 2. b4 e5 3. d3 a5 4. b5 Nd7 5. g3 b6 6. Bg2 Bb7 7. 0-0 Ngf6 8. c4 Be7 9. Nc3 0-0 10. Bb2 Nc5 11. e3 Re8 12. Qc2 Bf8 13. Rfe1 h6 14. Re2 Qe7 15. d4 e4 16. Ne1 Ncd7 17. Qd2 Qe6 18. d5 Qg4 19. f3 exf3 20. Bxf3 Qg5 21. Nd3 Bc8 22. e4 Qg6 23. Rf1 Ne5 24. Nxe5 dxe5 25. Na4 Bh3 26. Rc1 h5 27. Kh1 Nd7 28. Rc2 Nc5 29. Nc3 Rad8 30. Bc1 Ne6 31. Bg2 Bg4 32. Rf2 Nd4 33. Rb2 Be7 34. h3 Bc8 35. Kh2 Rf8 36. Na4 f5 37. Qd3 h4 38. gxh4 f4 39. Bxf4 Rxf4 40. Rxf4 exf4 41. Qxd4 Qg3+ 42. Kh1 f3 43. Qf2 fxg2+ 44. Kg1 Qxh3 45. Qxg2 Qe3+ 46. Qf2 Qxe4 47. Re2 Qxh4 48. Qe3 Bf6 49. Qe4 Bd4+ 0-1

[Event "Budapest FS04 Nadassy"]
[Site "Budapest"]
[Date "2021.04.09"]
[Round "6.2"]
[White "Farago, Sandor"]
[Black "Nadassy, Attila"]
[Result "1-0"]
[WhiteElo "2179"]
[BlackElo "2020"]
[PlyCount "157"]
[EventDate "2021.04.03"]
[EventType "schev"]
[EventRounds "12"]
[EventCountry "HUN"]
[SourceTitle "CBM 201 Extra"]
[Source "ChessBase"]
[SourceDate "2021.05.31"]
[SourceVersion "1"]
[SourceVersionDate "2021.05.31"]
[SourceQuality "1"]
[WhiteTeam "Team"]
[BlackTeam "Team II"]
[WhiteTeamCountry "HUN"]
[BlackTeamCountry "HUN"]

1. e4 d5 2. exd5 Qxd5 3. Nc3 Qd6 4. d4 Nf6 5. Nge2 c6 6. Bf4 Qd8 7. Qd2 e6 8. a3 Nbd7 9. h3 Nb6 10. Nc1 Nbd5 11. Be5 Bd6 12. Nd3 Nxc3 13. Qxc3 Ne4 14. Qb3 Qg5 15. Rd1 0-0 16. h4 Qe7 17. Be2 Rd8 18. Bf3 Nf6 19. 0-0 Nd7 20. g3 Bxe5 21. dxe5 Kf8 22. Qc4 Nb6 23. Qe4 Kg8 24. c4 Bd7 25. Nf4 Be8 26. Nh5 Kh8 27. Qg4 Qf8 28. Rfe1 Rd7 29. c5 Rxd1 30. Bxd1 Nd7 31. b4 a5 32. Bc2 axb4 33. axb4 Ra2 34. Qe4 g6 35. Nf6 Qe7 36. Bb1 Ra4 37. Qf4 Kg7 38. Bc2 Ra2 39. Qc4 Ra3 40. Ng4 h5 41. Nh2 b6 42. cxb6 Nxb6 43. Qd4 Nd5 44. Re4 Qa7 45. Qd2 Rxg3+ 46. Kh1 Ra3 47. Kg2 c5 48. bxc5 Qxc5 49. Bd1 Nc3 50. Re1 Nxd1 51. Qxd1 Bc6+ 52. f3 Bd5 53. Kg3 Qc3 54. Qc1 Qb4 55. Re2 Ra4 56. Qg5 Ra8 57. Qf6+ Kg8 58. Rg2 Qf8 59. Nf1 Qg7 60. Qg5 Ra1 61. Ne3 Bc6 62. Rc2 Rg1+ 63. Ng2 Bd5 64. Kf2 Ra1 65. Rc8+ Kh7 66. Nf4 Ra5 67. Nxh5 Ra2+ 68. Ke1 Ra1+ 69. Ke2 Bxf3+ 70. Kxf3 Rf1+ 71. Ke2 Rf5 72. Nxg7 Rxg5 73. hxg5 Kxg7 74. Kd3 Kh7 75. Kd4 Kg7 76. Kc5 Kh7 77. Kd6 Kg7 78. Ke7 Kh7 79. Rf8 1-0

[Event "Budapest FS04 Nadassy"]
[Site "Budapest"]
[Date "2021.04.06"]
[Round "4.4"]
[White "Nadassy, Attila"]
[Black "Kahn, Evarth"]
[Result "0-1"]
[WhiteElo "2020"]
[BlackElo "2169"]
[PlyCount "116"]
[EventDate "2021.04.03"]
[EventType "schev"]
[EventRounds "12"]
[EventCountry "HUN"]
[SourceTitle "CBM 201 Extra"]
[Source "ChessBase"]
[SourceDate "2021.05.31"]
[SourceVersion "1"]
[SourceVersionDate "2021.05.31"]
[SourceQuality "1"]
[WhiteTeam "Team II"]
[BlackTeam "Team"]
[WhiteTeamCountry "HUN"]
[BlackTeamCountry "HUN"]

1. Nf3 c5 2. c4 Nc6 3. Nc3 g6 4. d3 Bg7 5. g3 e6 6. e4 Nge7 7. Bg2 d6 8. 0-0 0-0 9. Rb1 Rb8 10. Bd2 a6 11. a4 Bd7 12. Qc1 Nd4 13. b3 Nec6 14. Nxd4 Nxd4 15. Re1 b5 16. axb5 axb5 17. Bh6 Bxh6 18. Qxh6 Qa5 19. Ne2 Nxe2+ 20. Rxe2 Qc3 21. Qd2 Qd4 22. Qe3 e5 23. Qxd4 cxd4 24. Ree1 Ra8 25. Ra1 Rfb8 26. h4 Kf8 27. Bf3 h5 28. Be2 Ke7 29. Kg2 Kd8 30. Rec1 Kc7 31. Rcb1 Rxa1 32. Rxa1 bxc4 33. bxc4 Rb2 34. Bf1 f5 35. exf5 Bxf5 36. Ra3 Kb6 37. Kg1 Kc5 38. Ra5+ Kb4 39. Rd5 Kc3 40. Rxd6 Bxd3 41. Bxd3 Kxd3 42. Rxg6 Kxc4 43. Rc6+ Kd5 44. Rc8 d3 45. Kg2 e4 46. Rd8+ Kc4 47. Rc8+ Kb3 48. Rb8+ Kc2 49. Rc8+ Kb1 50. Kf1 Rc2 51. Rb8+ Kc1 52. Ra8 d2 53. Ra1+ Kb2 54. Rd1 Rc1 55. Ke2 Rxd1 56. Kxd1 Kc3 57. g4 hxg4 58. h5 g3 0-1

[Event "Budapest FS04 Nadassy"]
[Site "Budapest"]
[Date "2021.04.05"]
[Round "3.1"]
[White "Mayer, Istvan"]
[Black "Nadassy, Attila"]
[Result "1-0"]
[WhiteElo "1830"]
[BlackElo "2020"]
[PlyCount "49"]
[EventDate "2021.04.03"]
[EventType "schev"]
[EventRounds "12"]
[EventCountry "HUN"]
[SourceTitle "CBM 201 Extra"]
[Source "ChessBase"]
[SourceDate "2021.05.31"]
[SourceVersion "1"]
[SourceVersionDate "2021.05.31"]
[SourceQuality "1"]
[WhiteTeam "Team"]
[BlackTeam "Team II"]
[WhiteTeamCountry "HUN"]
[BlackTeamCountry "HUN"]

1. e4 d5 2. exd5 Qxd5 3. Nc3 Qd6 4. d4 Nf6 5. Bc4 a6 6. Nge2 b5 7. Bd3 Bb7 8. f3 e6 9. a4 b4 10. Ne4 Qd8 11. c3 Nbd7 12. 0-0 a5 13. Qe1 h6 14. Bd2 c5 15. Qg3 Nxe4 16. fxe4 Ba6 17. Nf4 g5 18. Nh5 cxd4 19. cxd4 Bxd3 20. Qxd3 Qb6 21. Be3 Qb7 22. Kh1 Rd8 23. Bg1 Rg8 24. e5 Be7 25. Qh7 1-0

[Event "Budapest FS04 Nadassy"]
[Site "Budapest"]
[Date "2021.04.03"]
[Round "1.3"]
[White "Szalanczy, Emil"]
[Black "Nadassy, Attila"]
[Result "1-0"]
[WhiteElo "2103"]
[BlackElo "2020"]
[PlyCount "87"]
[EventDate "2021.04.03"]
[EventType "schev"]
[EventRounds "12"]
[EventCountry "HUN"]
[SourceTitle "CBM 201 Extra"]
[Source "ChessBase"]
[SourceDate "2021.05.31"]
[SourceVersion "1"]
[SourceVersionDate "2021.05.31"]
[SourceQuality "1"]
[WhiteTeam "Team"]
[BlackTeam "Team II"]
[WhiteTeamCountry "HUN"]
[BlackTeamCountry "HUN"]

1. e4 g6 2. d4 Bg7 3. Nc3 d6 4. Nf3 Nd7 5. Be3 e6 6. Qd2 h6 7. h3 a6 8. Bd3 Ne7 9. 0-0 b6 10. Ne2 Bb7 11. Ng3 Kf8 12. c3 Kg8 13. Rad1 Kh7 14. Bc2 Rf8 15. Nh2 f5 16. f3 Qe8 17. Bb3 Qf7 18. exf5 gxf5 19. Ne2 Ng6 20. Nf4 Nxf4 21. Bxf4 Rae8 22. Rde1 Nf6 23. g4 Nd5 24. Bg3 Qf6 25. f4 Kh8 26. Rf2 c5 27. dxc5 dxc5 28. Rfe2 b5 29. Bc2 Re7 30. Re5 Qf7 31. Qe2 Bxe5 32. Qxe5+ Qf6 33. Nf3 Nxc3 34. Bh4 Qxe5 35. Nxe5 Rg7 36. bxc3 fxg4 37. hxg4 Rxf4 38. Bg3 Rf6 39. Re2 Kg8 40. Rh2 Bd5 41. a3 Kf8 42. Bf2 Rc7 43. Bh4 Rcf7 44. Bxf6 1-0

[Event "Budapest-chT1 Lilienthal 1718"]
[Site "Budapest"]
[Date "2017.10.01"]
[Round "1"]
[White "Kovacsy, Barnabas"]
[Black "Nadassy, Attila"]
[Result "1/2-1/2"]
[WhiteElo "2105"]
[BlackElo "1990"]
[PlyCount "87"]
[EventDate "2017.10.01"]
[EventType "team-tourn"]
[EventRounds "13"]
[EventCountry "HUN"]
[SourceTitle "EXT 2021"]
[Source "ChessBase"]
[SourceDate "2020.10.23"]
[SourceVersion "1"]
[SourceVersionDate "2020.10.23"]
[SourceQuality "1"]
[WhiteTeam "Budapest MTK III"]
[BlackTeam "Penzugyor III"]
[WhiteTeamCountry "HUN"]
[BlackTeamCountry "HUN"]

1. e4 d5 2. exd5 Qxd5 3. Nc3 Qd6 4. d4 Nf6 5. Nf3 Bg4 6. Be2 c6 7. 0-0 Nbd7 8. Bg5 e6 9. Qd2 Qc7 10. Bf4 Bd6 11. Bxd6 Qxd6 12. Rad1 0-0 13. Ng5 Bxe2 14. Qxe2 Qf4 15. Nge4 Nxe4 16. Nxe4 Nf6 17. Nxf6+ Qxf6 18. c3 Rad8 19. Rd3 Rd5 20. Rf3 Rf5 21. Rxf5 Qxf5 22. Re1 Rd8 23. Qe5 Qxe5 24. Rxe5 Rd5 25. Rxd5 cxd5 26. a4 Kf8 27. Kf1 Ke7 28. Ke2 Kd6 29. Kd3 b6 30. b3 g5 31. Ke3 a6 32. g3 b5 33. axb5 axb5 34. h3 Ke7 35. Kd3 h5 36. Ke3 Kf6 37. f4 Kf5 38. Kf3 gxf4 39. gxf4 f6 40. Ke3 e5 41. fxe5 fxe5 42. dxe5 Kxe5 43. h4 Kf5 44. Kf3 1/2-1/2

[Event "Budapest FS04 FM-A"]
[Site "Budapest"]
[Date "2012.04.15"]
[Round "9"]
[White "Nadassy, Attila"]
[Black "Juracsik, Jozsef"]
[Result "1-0"]
[WhiteElo "2062"]
[BlackElo "2147"]
[PlyCount "85"]
[EventDate "2012.04.07"]
[EventType "tourn"]
[EventRounds "10"]
[EventCountry "HUN"]
[SourceTitle "CBM 147 Extra"]
[Source "ChessBase"]
[SourceDate "2012.04.24"]
[SourceVersion "1"]
[SourceVersionDate "2012.04.24"]
[SourceQuality "1"]

1. d4 Nf6 2. Nc3 c5 3. d5 e6 4. e4 exd5 5. exd5 d6 6. Bb5+ Nbd7 7. a4 Be7 8. Nf3 0-0 9. 0-0 a6 10. Be2 b6 11. Re1 Re8 12. h3 Bf8 13. Bf4 Bb7 14. Bc4 Qc7 15. Qd2 g6 16. Rxe8 Rxe8 17. Re1 Qc8 18. Re2 Rxe2 19. Qxe2 Qa8 20. Qd1 Qe8 21. Qd3 Nb8 22. Kf1 Bc8 23. g4 h5 24. Nh2 hxg4 25. hxg4 Bd7 26. b3 Nxg4 27. Nxg4 Bxg4 28. Ne4 Bg7 29. Nxd6 Qe7 30. Nxf7 Qh4 31. Nh6+ Kh7 32. Nxg4 Qxg4 33. Bxb8 Bd4 34. Qg3 Qd1+ 35. Kg2 Kg7 36. d6 Bxf2 37. Qxf2 Qg4+ 38. Qg3 Qe4+ 39. Qf3 Qxc2+ 40. Kg3 Qb1 41. Qf7+ Kh6 42. Qf8+ Kh5 43. Be2+ 1-0

[Event "Budapest FS04 FM-A"]
[Site "Budapest"]
[Date "2012.04.13"]
[Round "7"]
[White "Nadassy, Attila"]
[Black "Havaskori, Laszlo"]
[Result "1/2-1/2"]
[WhiteElo "2062"]
[BlackElo "1977"]
[PlyCount "155"]
[EventDate "2012.04.07"]
[EventType "tourn"]
[EventRounds "10"]
[EventCountry "HUN"]
[SourceTitle "CBM 147 Extra"]
[Source "ChessBase"]
[SourceDate "2012.04.24"]
[SourceVersion "1"]
[SourceVersionDate "2012.04.24"]
[SourceQuality "1"]

1. d4 Nf6 2. Nf3 g6 3. g3 Bg7 4. Bg2 0-0 5. 0-0 d6 6. c4 c6 7. Nc3 a5 8. Qc2 Qc7 9. Rb1 Re8 10. e4 e5 11. dxe5 dxe5 12. b3 Na6 13. a3 Bg4 14. h3 Bxf3 15. Bxf3 Nc5 16. Be3 Bf8 17. b4 Ne6 18. Ne2 axb4 19. axb4 Ra3 20. Rb3 Rea8 21. Rxa3 Rxa3 22. c5 Ra8 23. Rd1 Rd8 24. Rd2 h5 25. Qd1 Be7 26. Bg2 h4 27. f4 hxg3 28. Rxd8+ Bxd8 29. f5 Nf4 30. Nxg3 g5 31. Bf1 Qb8 32. Kh2 b5 33. Bd3 Qa8 34. Bb1 Be7 35. Qb3 Qf8 36. Ba2 Qg7 37. Bb1 Qh6 38. Bxf4 gxf4 39. Nf1 Qh5 40. Kg1 Nh7 41. Bc2 Ng5 42. Bd1 Qxh3 43. Qxh3 Nxh3+ 44. Kg2 Ng5 45. Nd2 Kf8 46. Bc2 Bf6 47. Nb3 Ke7 48. Na5 Kd7 49. Nb3 Nh7 50. Kh3 Nf8 51. Bd1 Bd8 52. Bh5 Ke8 53. Na5 Bxa5 54. bxa5 Kd8 55. Bxf7 Nd7 56. a6 Kc7 57. Be8 Nxc5 58. a7 Kb7 59. Bxc6+ Kxa7 60. Bxb5 Nxe4 61. Kg4 Kb6 62. Be2 Kc5 63. Bf3 Nd6 64. f6 Kd4 65. Bd1 Ke3 66. Bb3 Ne8 67. f7 Nf6+ 68. Kf5 Nd7 69. Ba4 Nf8 70. Kxe5 f3 71. Bb5 f2 72. Kf6 Kd2 73. Kg7 Ne6+ 74. Kg8 Ke1 75. Bc4 f1Q 76. Bxf1 Kxf1 77. f8Q+ Nxf8 78. Kxf8 1/2-1/2

[Event "Budapest FS04 FM-A"]
[Site "Budapest"]
[Date "2012.04.12"]
[Round "6"]
[White "Waisberg, Arnold"]
[Black "Nadassy, Attila"]
[Result "0-1"]
[WhiteElo "2023"]
[BlackElo "2062"]
[PlyCount "120"]
[EventDate "2012.04.07"]
[EventType "tourn"]
[EventRounds "10"]
[EventCountry "HUN"]
[SourceTitle "CBM 147 Extra"]
[Source "ChessBase"]
[SourceDate "2012.04.24"]
[SourceVersion "1"]
[SourceVersionDate "2012.04.24"]
[SourceQuality "1"]

1. e4 d5 2. exd5 Qxd5 3. Nc3 Qd6 4. Bc4 Nf6 5. d3 Nc6 6. Nb5 Qd8 7. Bf4 e5 8. Qe2 Bb4+ 9. c3 0-0 10. Bd2 Bc5 11. b4 Bb6 12. Bg5 a6 13. Na3 Qd6 14. Bxf6 Qxf6 15. Qf3 Qg6 16. Qg3 Qd6 17. Nc2 Ba7 18. Ne2 b5 19. Bb3 Bf5 20. Rd1 Rad8 21. Nc1 Rd7 22. 0-0 Rfd8 23. Ne3 Be6 24. Rfe1 Bxb3 25. Nxb3 Qg6 26. Qxg6 hxg6 27. Nc1 f6 28. Ng4 Ne7 29. Re2 Nd5 30. Rc2 Nf4 31. Rcd2 Kf7 32. g3 Ne6 33. Kg2 c5 34. bxc5 Bxc5 35. Nb3 Bb6 36. Ne3 a5 37. Nc2 a4 38. Nc1 Ba5 39. Nb4 Rd6 40. a3 Nc5 41. f3 Bxb4 42. cxb4 Nb3 43. Rc2 Nxc1 44. Rcxc1 Rxd3 45. Rxd3 Rxd3 46. Rc5 Rxa3 47. Rxb5 g5 48. g4 Rb3 49. Rb7+ Ke6 50. b5 Kd5 51. Rxg7 Kc5 52. h4 gxh4 53. Rf7 h3+ 54. Kxh3 Rxf3+ 55. Kg2 Rf4 56. Kg3 Kxb5 57. Ra7 Kb4 58. Rb7+ Kc3 59. Rc7+ Kb3 60. Rb7+ Rb4 0-1

[Event "Budapest Spring op 28th"]
[Site "Budapest"]
[Date "2012.03.29"]
[Round "4"]
[White "Nadassy, Attila"]
[Black "Brustkern, Juergen"]
[Result "0-1"]
[WhiteElo "2062"]
[BlackElo "2229"]
[PlyCount "50"]
[EventDate "2012.03.26"]
[EventType "swiss"]
[EventRounds "9"]
[EventCountry "HUN"]
[SourceTitle "CBM 147 Extra"]
[Source "ChessBase"]
[SourceDate "2012.04.24"]
[SourceVersion "1"]
[SourceVersionDate "2012.04.24"]
[SourceQuality "1"]

1. d4 d5 2. Nc3 Nf6 3. Bf4 c6 4. e3 g6 5. h3 b5 6. a3 Bg7 7. Nf3 0-0 8. Bd3 Nbd7 9. 0-0 a6 10. e4 e6 11. e5 Nh5 12. Bg5 f6 13. exf6 Bxf6 14. Bh6 Bg7 15. Bxg7 Kxg7 16. Ne2 Rxf3 17. gxf3 Qh4 18. Kg2 e5 19. dxe5 Nxe5 20. Rh1 Bd7 21. f4 Rf8 22. Qd2 Rxf4 23. Qe3 Qg5+ 24. Kf1 d4 25. Rg1 dxe3 0-1

[Event "Budapest Spring op 28th"]
[Site "Budapest"]
[Date "2012.03.28"]
[Round "3"]
[White "Schmidt, Wolfgang"]
[Black "Nadassy, Attila"]
[Result "0-1"]
[WhiteElo "2249"]
[BlackElo "2062"]
[PlyCount "90"]
[EventDate "2012.03.26"]
[EventType "swiss"]
[EventRounds "9"]
[EventCountry "HUN"]
[SourceTitle "CBM 147 Extra"]
[Source "ChessBase"]
[SourceDate "2012.04.24"]
[SourceVersion "1"]
[SourceVersionDate "2012.04.24"]
[SourceQuality "1"]

1. d4 Nf6 2. c4 d6 3. Nf3 g6 4. Nc3 Bf5 5. Bg5 Bg7 6. Qd2 h6 7. Bh4 g5 8. Bg3 Na6 9. a3 c5 10. e3 b6 11. Bd3 Bxd3 12. Qxd3 Qd7 13. 0-0 Nh5 14. Qe4 0-0 15. Nd2 Nxg3 16. hxg3 f5 17. Qd3 e6 18. f4 cxd4 19. exd4 Nc7 20. Nf3 g4 21. Nh4 Qf7 22. Rfe1 Qf6 23. Rad1 Rae8 24. Rd2 h5 25. Nd1 Bh6 26. Rf2 a6 27. Ne3 b5 28. b3 Bg7 29. Rd1 Rb8 30. Re2 bxc4 31. bxc4 a5 32. d5 e5 33. fxe5 dxe5 34. Nexf5 Qb6+ 35. Kh2 e4 36. Qxe4 Rbe8 37. Ne7+ Rxe7 38. Qxe7 Re8 39. c5 Qb5 40. Qxc7 Qxe2 41. Rb1 Be5 42. Qd7 Bxg3+ 43. Kxg3 Qe5+ 44. Kf2 g3+ 45. Kg1 Qe1+ 0-1

[Event "Budapest Spring op 28th"]
[Site "Budapest"]
[Date "2012.03.27"]
[Round "2"]
[White "Nadassy, Attila"]
[Black "Padhya, Saumil"]
[Result "0-1"]
[WhiteElo "2062"]
[BlackElo "2187"]
[PlyCount "98"]
[EventDate "2012.03.26"]
[EventType "swiss"]
[EventRounds "9"]
[EventCountry "HUN"]
[SourceTitle "CBM 147 Extra"]
[Source "ChessBase"]
[SourceDate "2012.04.24"]
[SourceVersion "1"]
[SourceVersionDate "2012.04.24"]
[SourceQuality "1"]

1. d4 Nf6 2. Nc3 d5 3. Bf4 g6 4. Qd2 a6 5. 0-0-0 b5 6. f3 Bb7 7. Nh3 Nbd7 8. e3 b4 9. Ne2 c5 10. Kb1 e6 11. g4 Qb6 12. Nf2 c4 13. Ka1 Rc8 14. c3 a5 15. Rb1 Ra8 16. Ng3 a4 17. Qc1 a3 18. b3 cxb3 19. Rxb3 Rc8 20. g5 Ng8 21. Nd3 f6 22. gxf6 Ngxf6 23. Ne5 Rxc3 24. Rxc3 bxc3 25. Qxc3 Bb4 26. Qb3 Ke7 27. Nd3 Rc8 28. Kb1 Bd6 29. Qxb6 Nxb6 30. Bxd6+ Kxd6 31. Nc5 Rb8 32. Kc2 Nfd7 33. Nxd7 Kxd7 34. Kb3 Rc8 35. Bb5+ Bc6 36. Bxc6+ Rxc6 37. Rd1 Nc4 38. e4 Rb6+ 39. Kc3 Rb2 40. exd5 exd5 41. Ne4 dxe4 42. Kxc4 exf3 43. Rd3 f2 44. Rf3 Rxa2 45. Kd5 Re2 46. Rxa3 f1Q 47. Ra7+ Ke8 48. Ra8+ Kf7 49. Ra7+ Re7 0-1

[Event "Budapest FS03 FM"]
[Site "Budapest"]
[Date "2012.03.11"]
[Round "9"]
[White "Nadassy, Attila"]
[Black "Farkas, Richard"]
[Result "1/2-1/2"]
[WhiteElo "2062"]
[BlackElo "2111"]
[PlyCount "77"]
[EventDate "2012.03.03"]
[EventType "tourn"]
[EventRounds "11"]
[EventCountry "HUN"]
[SourceTitle "CBM 147 Extra"]
[Source "ChessBase"]
[SourceDate "2012.04.24"]
[SourceVersion "1"]
[SourceVersionDate "2012.04.24"]
[SourceQuality "1"]

1. d4 d5 2. Nc3 Nf6 3. Bf4 c5 4. e3 a6 5. dxc5 e6 6. Na4 Bxc5 7. Nxc5 Qa5+ 8. c3 Qxc5 9. Qd4 Qa5 10. Bxb8 Rxb8 11. Qe5 Ra8 12. Bd3 0-0 13. Nf3 Bd7 14. 0-0 Bb5 15. Bxb5 Qxb5 16. Rab1 Rac8 17. Nd2 Nd7 18. Qh5 Rfe8 19. Qd1 Nf6 20. Qb3 Qxb3 21. Nxb3 Ne4 22. Rbd1 Nd6 23. Nd2 Nc4 24. Nxc4 Rxc4 25. Rd4 Rec8 26. Rxc4 Rxc4 27. Rd1 Ra4 28. a3 Kf8 29. Rd4 Rxd4 30. cxd4 Ke7 31. Kf1 Kd6 32. Ke2 Kc6 33. Kd3 Kb5 34. b3 a5 35. Kc3 a4 36. b4 f6 37. f3 Kc6 38. Kd3 Kb5 39. Kc3 1/2-1/2

[Event "Budapest FS03 FM"]
[Site "Budapest"]
[Date "2012.03.07"]
[Round "5"]
[White "Nadassy, Attila"]
[Black "Borda, Lajos"]
[Result "0-1"]
[WhiteElo "2062"]
[BlackElo "2100"]
[PlyCount "86"]
[EventDate "2012.03.03"]
[EventType "tourn"]
[EventRounds "11"]
[EventCountry "HUN"]
[SourceTitle "CBM 147 Extra"]
[Source "ChessBase"]
[SourceDate "2012.04.24"]
[SourceVersion "1"]
[SourceVersionDate "2012.04.24"]
[SourceQuality "1"]

1. d4 Nf6 2. Nc3 e6 3. e4 d6 4. Be2 Nbd7 5. Nf3 Be7 6. 0-0 a6 7. a4 b6 8. e5 Ng8 9. Bf4 d5 10. Na2 Bb7 11. b4 Nf8 12. c3 Ng6 13. Be3 f5 14. Bd3 Nh6 15. Qc1 Nf7 16. Ne1 Ng5 17. g3 0-0 18. Bxg5 Bxg5 19. f4 Be7 20. Qd1 Nh8 21. h4 Nf7 22. Rf2 Nh6 23. Be2 c5 24. Bf3 Qd7 25. Nd3 cxd4 26. cxd4 Rfc8 27. Qb3 Rc4 28. Nb2 Rxd4 29. Qc3 Re4 30. Bxe4 fxe4 31. Rc2 Rc8 32. Qb3 Rxc2 33. Qxc2 Nf5 34. Rc1 Bd8 35. Kh2 Nd4 36. Qd1 Nf3+ 37. Kg2 d4 38. Nc3 e3 39. Kh3 Nd2 40. Nb1 Qd5 41. Nxd2 Qg2+ 42. Kg4 exd2 43. Qb3 Bf3+ 0-1

[Event "Budapest-chT1 Lilienthal 1112"]
[Site "Budapest"]
[Date "2012.02.05"]
[Round "7"]
[White "Nadassy, Attila"]
[Black "Papp, Antal"]
[Result "1-0"]
[WhiteElo "2048"]
[BlackElo "2092"]
[PlyCount "38"]
[EventDate "2011.10.02"]
[EventType "team-tourn"]
[EventRounds "11"]
[EventCountry "HUN"]
[SourceTitle "EXT 2020"]
[Source "ChessBase"]
[SourceDate "2019.10.17"]
[SourceVersion "1"]
[SourceVersionDate "2019.10.17"]
[SourceQuality "1"]
[WhiteTeam "Penzugyor III"]
[BlackTeam "Budapest Honved III"]
[WhiteTeamCountry "HUN"]
[BlackTeamCountry "HUN"]

1. d4 Nf6 2. Nc3 d5 3. Bf4 c6 4. Nf3 Bf5 5. Nh4 Be6 6. e3 h6 7. Bg3 Qb6 8. Rb1 Nbd7 9. Bd3 g6 10. 0-0 Nh5 11. Be5 Nxe5 12. dxe5 0-0-0 13. Bxg6 d4 14. Qxh5 fxg6 15. Nxg6 Rg8 16. exd4 Bc4 17. Rfd1 Rxd4 18. Qf5+ e6 19. Qf7 Rxg6 1-0

[Event "Budapest-chT1 Lilienthal 1112"]
[Site "Budapest"]
[Date "2011.12.04"]
[Round "4"]
[White "Nadassy, Attila"]
[Black "Szilvasi, Tibor"]
[Result "0-1"]
[WhiteElo "2048"]
[BlackElo "2119"]
[PlyCount "78"]
[EventDate "2011.10.02"]
[EventType "team-tourn"]
[EventRounds "11"]
[EventCountry "HUN"]
[SourceTitle "EXT 2020"]
[Source "ChessBase"]
[SourceDate "2019.10.17"]
[SourceVersion "1"]
[SourceVersionDate "2019.10.17"]
[SourceQuality "1"]
[WhiteTeam "Penzugyor III"]
[BlackTeam "Budapest EAC III"]
[WhiteTeamCountry "HUN"]
[BlackTeamCountry "HUN"]

1. d4 d5 2. Nc3 Nf6 3. Bf4 c5 4. e3 a6 5. Nf3 e6 6. Bd3 Nc6 7. 0-0 c4 8. Be2 b5 9. a3 Bd6 10. Ne5 Bb7 11. Bg3 Qc7 12. f4 0-0 13. Bf3 Rad8 14. Bh4 Be7 15. Qe1 Ne8 16. Bg4 f5 17. Bf3 Nf6 18. Kh1 Rde8 19. h3 Bd6 20. g4 Ne7 21. Rg1 Bxe5 22. fxe5 Ne4 23. Rg2 f4 24. exf4 Rxf4 25. Bxe4 dxe4 26. Bg3 Rf3 27. Kh2 Nd5 28. Nxd5 Bxd5 29. c3 Ref8 30. Qe2 e3 31. Qe1 Qf7 32. Qg1 Be4 33. Re1 Bd3 34. Rxe3 Rf1 35. Qxf1 Qxf1 36. d5 exd5 37. e6 Be4 38. Rg1 Qf6 39. g5 Qxe6 0-1

[Event "Budapest-chT1 Lilienthal 1011"]
[Site "Budapest"]
[Date "2011.03.06"]
[Round "10"]
[White "Nadassy, Attila"]
[Black "Pavlik, Oszkar"]
[Result "1-0"]
[WhiteElo "2024"]
[BlackElo "2059"]
[PlyCount "110"]
[EventDate "2010.09.19"]
[EventType "team-tourn"]
[EventRounds "11"]
[EventCountry "HUN"]
[SourceTitle "EXT 2020"]
[Source "ChessBase"]
[SourceDate "2019.10.17"]
[SourceVersion "1"]
[SourceVersionDate "2019.10.17"]
[SourceQuality "1"]
[WhiteTeam "Penzugyor III"]
[BlackTeam "Fabulon"]
[WhiteTeamCountry "HUN"]
[BlackTeamCountry "HUN"]

1. d4 Nf6 2. Nc3 d5 3. Bg5 c5 4. Bxf6 gxf6 5. e3 Nc6 6. Qh5 cxd4 7. exd4 e6 8. 0-0-0 Bd7 9. f4 Bb4 10. Nge2 f5 11. h3 Qf6 12. Nb5 0-0-0 13. a3 Be7 14. Qf3 h5 15. Qb3 Kb8 16. a4 Rc8 17. Kb1 Rhg8 18. c3 Na5 19. Qa2 Nc4 20. Rd3 a6 21. b3 axb5 22. bxc4 bxc4 23. Rd2 Rc6 24. Qa1 Ra6 25. a5 Bd6 26. g3 Qd8 27. Ra2 Bc7 28. Rh2 Bxa5 29. Rg2 Bc8 30. Ng1 Ka7 31. Nf3 Bc7 32. Ne5 Bxe5 33. fxe5 h4 34. g4 fxg4 35. hxg4 h3 36. Rxa6+ bxa6 37. Rf2 h2 38. Rxh2 Rxg4 39. Rf2 Qe7 40. Qa5 Rg1 41. Ka2 Bb7 42. Bg2 Qd7 43. Rb2 Qc6 44. Bf3 Rf1 45. Bh5 Rf4 46. Bd1 Rh4 47. Ba4 Qc8 48. Qb6+ Ka8 49. Qd6 Rh8 50. Qe7 Bc6 51. Bd1 Qd7 52. Qa3 Bb5 53. Qa5 Rb8 54. Rb4 Ka7 55. Rb2 Qd8 1-0

[Event "Budapest-chT1 Lilienthal 1011"]
[Site "Budapest"]
[Date "2011.02.06"]
[Round "8"]
[White "Nadassy, Attila"]
[Black "Veres, Istvan"]
[Result "1-0"]
[WhiteElo "2024"]
[BlackElo "2078"]
[PlyCount "105"]
[EventDate "2010.09.19"]
[EventType "team-tourn"]
[EventRounds "11"]
[EventCountry "HUN"]
[SourceTitle "EXT 2020"]
[Source "ChessBase"]
[SourceDate "2019.10.17"]
[SourceVersion "1"]
[SourceVersionDate "2019.10.17"]
[SourceQuality "1"]
[WhiteTeam "Penzugyor III"]
[BlackTeam "Budapest Ujpest KSE"]
[WhiteTeamCountry "HUN"]
[BlackTeamCountry "HUN"]

1. d4 Nf6 2. Nc3 d5 3. Bg5 Nbd7 4. e3 e6 5. Nf3 h6 6. Bh4 Bb4 7. a3 Be7 8. Bd3 0-0 9. 0-0 a6 10. Ne5 c5 11. Rb1 Nxe5 12. dxe5 Nd7 13. Bxe7 Qxe7 14. f4 f5 15. Qf3 b5 16. Nxd5 Qf7 17. Ne7+ Qxe7 18. Qxa8 c4 19. Be2 Nc5 20. Qc6 Ne4 21. Rbd1 Qa7 22. Rd4 Qf7 23. c3 Bb7 24. Qd7 Bd5 25. Qxf7+ Kxf7 26. Bf3 a5 27. Bxe4 Bxe4 28. Rd7+ Kg6 29. Rfd1 b4 30. Re7 bxa3 31. bxa3 Bd5 32. Rb1 Rd8 33. h3 Be4 34. Rb2 Rd1+ 35. Kf2 Bd5 36. Ra7 Rc1 37. Rxa5 Rxc3 38. Rd2 Be4 39. Ra6 Kh7 40. Ra7 Rb3 41. Rdd7 Rb2+ 42. Kf1 Rxg2 43. Ke1 Rg3 44. Kd2 c3+ 45. Kxc3 Rxe3+ 46. Kd4 Rg3 47. a4 h5 48. h4 Rg4 49. a5 Rxf4 50. Rxg7+ Kh8 51. Kc5 Bd5 52. Rh7+ Kg8 53. Rhc7 1-0